LEADER 01010nam a2200241 i 4500 001 000000038600 003 CaOOAMICUS 005 20140227000000.0 008 140227s1955 xx u000 u fre u 013 $a9192 040 $aSeMil$bita 100 1 $aParrot, André <1901-1980>.$0(OLS)http://semarc/name/4039 245 10$aGolgotha et Saint-Sépulcre /$cAndré Parrot. 260 $aNeuchatel ; Paris :$bDelachaux et Niestlé,$ccopyr. 1955. 300 $a102 p. :$bill., [4] p. di tav. ;$c22 cm. 490 0 $aCahiers d'archéologie biblique ;$v6 650 4$aBibbia - Archeologia.$0(OLS)http://semarc/subject/3434 830 0$aCahiers d'archéologie biblique ;$v6.$0(OLS)http://semarc/title/526 850 $aSeMil 852 $aSeMil$W1$xVenegono$y1$m2Y I 223$j4755$B4755$CSeMilBibl$Z2$F4755 $81 961 $aOmaggio: Donazione 996 $6245$aGolgotha et Saint-Sépulcre$9(OLS)http://semarc/title/54542 996 $6260$aNeuchatel ; Paris :$bDelachaux et Niestlé$9(OLS)http://semarc/publisher/29822 LEADER 01050nam a2200241 i 4500 001 000000217289 003 CaOOAMICUS 005 20260320095402.0 008 121130s1921 it u000 u ita u 013 $a196186 040 $aSeMil$bita 100 1 $aOttolini, Angelo.$0(OLS)http://semarc/name/36781 245 10$aPietro Verri e i suoi tempi :$bcon la ristampa dei suoi scritti inediti /$cAngelo Ottolini. 260 $aMilano [etc.] :$bRemo Sandron,$c1921. 300 $a274 p. ;$c[7] c. di tav. ;$c21 cm. 490 0 $aCollezione settecentesca ;$v15 600 14$aVerri, Pietro <1728-1797>.$0(OLS)http://semarc/subject/12376 830 0$aCollezione settecentesca ;$v15.$0(OLS)http://semarc/title/37579 850 $aSeMil 852 $aSeMil$W1$xVenegono$y1$m3O II 100$j167703$B167703$CSeMilBibl$Z2$F178478 $81 996 $6245$aPietro Verri e i suoi tempi :$bcon la ristampa dei suoi scritti inediti$9(OLS)http://semarc/title/312217 996 $6260$aMilano [etc.] :$bRemo Sandron$9(OLS)http://semarc/publisher/33143